000 00342nam a2200145Ia 4500
008 210312s9999||||xx |||||||||||||| ||und||
041 _aosm
050 _aDR485
050 _bN35
100 _aMustafa Naima Efendi
245 0 _aNaima tarihi
260 _c1864
500 _a3. cilt
650 _aTarih--Türkiye--Osmanlı devleti--1453-1683
999 _c22308
_d22308